[Event "Motiva Online Blitz (Women)"]
[Site "Chess.com INT"]
[Date "2021.12.18"]
[Round "1"]
[White "Imykhelova, Tatyana"]
[Black "Protopopova, Anastasiya"]
[Result "0-1"]
[WhiteElo "1187"]
[BlackElo "2257"]
[PlyCount "70"]
[EventDate "2021.12.18"]
[EventType "swiss (blitz)"]
[EventRounds "13"]
[EventCountry "USA"]
[SourceTitle "CBM 205 Extra"]
[Source "ChessBase"]
[SourceDate "2022.01.31"]
[SourceVersion "1"]
[SourceVersionDate "2022.01.31"]
[SourceQuality "1"]

1. e4 c6 2. d4 d5 3. e5 Bf5 4. Nf3 e6 5. Be2 Nd7 6. 0-0 Bg6 7. c4 dxc4 8. Bxc4 Ne7 9. Nc3 Nf5 10. Bg5 Be7 11. Bxe7 Qxe7 12. Qb3 Nb6 13. Be2 h5 14. a4 Rd8 15. Rfd1 0-0 16. a5 Nd5 17. Nxd5 Rxd5 18. Bc4 Rd7 19. h3 a6 20. Rd2 h4 21. Rad1 Rfd8 22. Kh2 Bh5 23. d5 cxd5 24. Bd3 Bxf3 25. gxf3 Nd4 26. Qc3 Nxf3+ 27. Kg2 Nxd2 28. Rxd2 d4 29. Qc4 Qg5+ 30. Kf1 Qxd2 31. Kg1 Qg5+ 32. Kf1 Qxe5 33. Qc2 Rc7 34. Qd2 Qd5 35. Qe2 Qh1# 0-1

[Event "Motiva Online Blitz (Women)"]
[Site "Chess.com INT"]
[Date "2021.12.18"]
[Round "2"]
[White "Imykhelova, Tatyana"]
[Black "Sahin, Handenur"]
[Result "0-1"]
[WhiteElo "1187"]
[BlackElo "1997"]
[PlyCount "48"]
[EventDate "2021.12.18"]
[EventType "swiss (blitz)"]
[EventRounds "13"]
[EventCountry "USA"]
[SourceTitle "CBM 205 Extra"]
[Source "ChessBase"]
[SourceDate "2022.01.31"]
[SourceVersion "1"]
[SourceVersionDate "2022.01.31"]
[SourceQuality "1"]

1. e4 e5 2. Nf3 Nc6 3. d4 exd4 4. Nxd4 Nf6 5. Nxc6 bxc6 6. e5 Qe7 7. Qe2 Nd5 8. c4 Nb6 9. b3 a5 10. Ba3 Qg5 11. Bxf8 Kxf8 12. Nc3 a4 13. g3 axb3 14. Bg2 b2 15. Qxb2 Qxe5+ 16. Kf1 Nxc4 17. Qb4+ Nd6 18. Re1 Ba6+ 19. Ne2 Re8 20. Bf3 c5 21. Qa4 Qf6 22. Bg2 Bxe2+ 23. Rxe2 Qa1+ 24. Re1 Qxe1# 0-1

[Event "Motiva Online Blitz (Women)"]
[Site "Chess.com INT"]
[Date "2021.12.18"]
[Round "8"]
[White "Richterova, Natasa1111"]
[Black "Imykhelova, Tatyana"]
[Result "0-1"]
[WhiteElo "1247"]
[BlackElo "1187"]
[PlyCount "58"]
[EventDate "2021.12.18"]
[EventType "swiss (blitz)"]
[EventRounds "13"]
[EventCountry "USA"]
[SourceTitle "CBM 205 Extra"]
[Source "ChessBase"]
[SourceDate "2022.01.31"]
[SourceVersion "1"]
[SourceVersionDate "2022.01.31"]
[SourceQuality "1"]

1. d4 Nf6 2. Bg5 e6 3. Nf3 Be7 4. e3 0-0 5. Bd3 Nd5 6. Bxe7 Qxe7 7. c3 Nc6 8. Nbd2 f5 9. 0-0 g5 10. h3 g4 11. Ne5 Nxe5 12. dxe5 gxh3 13. g3 Qg5 14. Nf3 Qg7 15. Nh4 f4 16. exf4 Nxf4 17. Be4 Qxe5 18. Qg4+ Qg7 19. Qxg7+ Kxg7 20. gxf4 Rxf4 21. Nf3 Rxe4 22. Kh2 e5 23. Rg1+ Kh8 24. Kxh3 d5+ 25. Kh2 Re2 26. Rg5 Rxf2+ 27. Kg3 Rxb2 28. Rg1 Be6 29. Kh4 Rxa2 0-1

[Event "Motiva Online Blitz (Women)"]
[Site "Chess.com INT"]
[Date "2021.12.18"]
[Round "4"]
[White "Roque Sola, Andrea"]
[Black "Imykhelova, Tatyana"]
[Result "1-0"]
[WhiteElo "1907"]
[BlackElo "1187"]
[PlyCount "49"]
[EventDate "2021.12.18"]
[EventType "swiss (blitz)"]
[EventRounds "13"]
[EventCountry "USA"]
[SourceTitle "CBM 205 Extra"]
[Source "ChessBase"]
[SourceDate "2022.01.31"]
[SourceVersion "1"]
[SourceVersionDate "2022.01.31"]
[SourceQuality "1"]

1. c4 Nf6 2. g3 g6 3. Bg2 Bg7 4. Nc3 c5 5. e3 e5 6. Nge2 d6 7. d3 0-0 8. 0-0 Nc6 9. a3 a5 10. h3 Be6 11. Nd5 Ra6 12. Kh2 Qd7 13. Nec3 Ne8 14. f4 f5 15. Rb1 exf4 16. Nxf4 Nf6 17. Ncd5 Bxd5 18. Nxd5 Ne5 19. b4 axb4 20. axb4 cxb4 21. Rxb4 Ra2 22. Qb3 Ra1 23. Rxb7 Qe6 24. Nxf6+ Qxf6 25. Bb2 1-0